000 00362nam a2200133 4500
005 20260530115303.0
100 1 _aMinoru Eduardo Yoshida
_931557
245 1 0 _aUtopia Cultura Digital
264 1 _bEduardo Yoshida / Edición Limitada
_c2010
300 _a80 páginas
336 _atexto
_2rdacontent
337 _asin medio
_2rdamedia
338 _avolumen
_2rdacarrier
999 _c12965
_d12965